000 01154nas a2200385 4500
001 BR0603959
003 BR-BrBNA
005 20231205110312.0
007 ta
008 230509b bl.|||p| |||| 00| 00por d
040 _aBR-BrBNA
_bpor
_cBiblioteca Nacional de Agricultura
041 _a(Pt)
072 _aL10; E16
100 1 _aPacheco, P.S.
100 1 _aRestle, J.
100 1 _aVaz, F.N.
100 1 _aFreitas, A.K. de
100 1 _aPádua, J.T.
100 1 _aNeumann, M.
100 1 _aArboitte, M.Z.
245 1 _aAvaliação econômica da terminação em confinamento de novilhos jovens de superjovens de diferentes grupos genéticos
650 _aGADO CHAROLÊS
650 _aGADO NELORE
650 _aGADO DE CORTE
650 _aPARÂMETRO GENÉTICO
650 _aTERMINAÇÃO
650 _aCONFINAMENTO
650 _aCRUZAMENTO ANIMAL
650 _aNUTRIÇÃO ANIMAL
650 _aANÁLISE ECONÔMICA
650 _aCUSTO
773 0 _tRevista Brasileira de Zootecnia (Brazil)
_xISSN 1516-3598
_g(Jan-Feb 2006), v. 35(1) p. 309-320
_wBR0603959
909 _a202311
_bLúcia
_c55
_dLúcia Elande
942 _2AGRIS
_n0
_cANA
999 _c186889
_d186889